| 000 | 00539nam a22001937a 4500 | ||
|---|---|---|---|
| 005 | 20251108172553.0 | ||
| 008 | 250721s9999 xx 000 0 ara d | ||
| 082 | 1 | 4 | _a928.915عطو |
| 100 | 1 | _aعطوان، محمد | |
| 245 | 1 | 0 | _aعبدالله بن المقفع 142هـ - 759م : / |
| 264 | 1 |
_aبيروت : _bدار ميرزا، |
|
| 300 | _a412 ص | ||
| 650 | 1 | 7 | _aالأدباء |
| 650 | 1 | 7 | _aالتراجم |
| 650 | 1 | 7 | _aالعصر الأموي |
| 650 | 1 | 7 | _aالعصر العباسي |
| 942 |
_2ddc _cBK |
||
| 999 |
_c82803 _d82803 |
||